<?xml version="1.0" encoding="UTF-8"?>
<record
    xmlns:xsi="http://www.w3.org/2001/XMLSchema-instance"
    xsi:schemaLocation="http://www.loc.gov/MARC21/slim http://www.loc.gov/standards/marcxml/schema/MARC21slim.xsd"
    xmlns="http://www.loc.gov/MARC21/slim">

  <leader>01309cam a22003617i 4500</leader>
  <datafield tag="999" ind1=" " ind2=" ">
    <subfield code="c">330626</subfield>
    <subfield code="d">330626</subfield>
  </datafield>
  <controlfield tag="001">18508261</controlfield>
  <controlfield tag="003">NUST</controlfield>
  <controlfield tag="005">20170726124233.0</controlfield>
  <controlfield tag="008">150227s2014    pk            000 1 urd  </controlfield>
  <datafield tag="010" ind1=" " ind2=" ">
    <subfield code="a">  2015327063</subfield>
  </datafield>
  <datafield tag="020" ind1=" " ind2=" ">
    <subfield code="a">9789693527674</subfield>
  </datafield>
  <datafield tag="020" ind1=" " ind2=" ">
    <subfield code="a">9693527674</subfield>
  </datafield>
  <datafield tag="025" ind1=" " ind2=" ">
    <subfield code="a">P-U-2015327063; 10</subfield>
  </datafield>
  <datafield tag="037" ind1=" " ind2=" ">
    <subfield code="b">Library of Congress -- Islamabad Overseas Office</subfield>
    <subfield code="c">Rs 500</subfield>
  </datafield>
  <datafield tag="040" ind1=" " ind2=" ">
    <subfield code="a">DLC</subfield>
    <subfield code="b">eng</subfield>
    <subfield code="e">rda</subfield>
    <subfield code="c">DLC</subfield>
  </datafield>
  <datafield tag="042" ind1=" " ind2=" ">
    <subfield code="a">lcode</subfield>
  </datafield>
  <datafield tag="050" ind1="0" ind2="0">
    <subfield code="a">MLCSA 2015/01184</subfield>
  </datafield>
  <datafield tag="066" ind1=" " ind2=" ">
    <subfield code="c">(3</subfield>
    <subfield code="c">(4</subfield>
  </datafield>
  <datafield tag="082" ind1=" " ind2=" ">
    <subfield code="a">891.4393</subfield>
    <subfield code="b">BEL</subfield>
  </datafield>
  <datafield tag="100" ind1="1" ind2=" ">
    <subfield code="6">880-01</subfield>
    <subfield code="a">Bel&#x101;, Abd&#x101;l,</subfield>
    <subfield code="e">author.</subfield>
    <subfield code="9">2049</subfield>
  </datafield>
  <datafield tag="245" ind1="1" ind2="0">
    <subfield code="6">880-02</subfield>
    <subfield code="a">Rang pichk&#x101;r&#x12B; :</subfield>
    <subfield code="b">afs&#x101;ne /</subfield>
    <subfield code="c">Abd&#x101;l Bel&#x101;.</subfield>
  </datafield>
  <datafield tag="264" ind1=" " ind2="1">
    <subfield code="6">880-03</subfield>
    <subfield code="a">L&#x101;hore :</subfield>
    <subfield code="b">Sang-i M&#x12B;l Pabl&#x12B;keshanz,</subfield>
    <subfield code="c">1994.</subfield>
  </datafield>
  <datafield tag="300" ind1=" " ind2=" ">
    <subfield code="a">233 pages ;</subfield>
    <subfield code="c">22 cm</subfield>
  </datafield>
  <datafield tag="336" ind1=" " ind2=" ">
    <subfield code="a">text</subfield>
    <subfield code="b">txt</subfield>
    <subfield code="2">rdacontent</subfield>
  </datafield>
  <datafield tag="337" ind1=" " ind2=" ">
    <subfield code="a">unmediated</subfield>
    <subfield code="b">n</subfield>
    <subfield code="2">rdamedia</subfield>
  </datafield>
  <datafield tag="338" ind1=" " ind2=" ">
    <subfield code="a">volume</subfield>
    <subfield code="b">nc</subfield>
    <subfield code="2">rdacarrier</subfield>
  </datafield>
  <datafield tag="500" ind1=" " ind2=" ">
    <subfield code="a">Short stories.</subfield>
  </datafield>
  <datafield tag="546" ind1=" " ind2=" ">
    <subfield code="a">In Urdu.</subfield>
  </datafield>
  <datafield tag="650" ind1=" " ind2=" ">
    <subfield code="a">Urdu Literature</subfield>
    <subfield code="9">347</subfield>
  </datafield>
  <datafield tag="880" ind1="1" ind2=" ">
    <subfield code="6">100-01/(3/r&#x200F;</subfield>
    <subfield code="a">&#x200F;&#x628;&#x64A;&#x644;&#x627;&#x60C; &#x627;&#x628;&#x62F;&#x627;&#x644;&#x60C;&#x200F;</subfield>
  </datafield>
  <datafield tag="880" ind1="1" ind2="0">
    <subfield code="6">245-02/(3/r&#x200F;</subfield>
    <subfield code="a">&#x200F;&#x631;&#x646;&#x6AF; &#x67E;&#x686;&#x6A9;&#x627;&#x631;&#x649; :&#x200F;</subfield>
    <subfield code="b">&#x200F;&#x627;&#x641;&#x633;&#x627;&#x646;&#x6D2; /&#x200F;</subfield>
    <subfield code="c">&#x200F;&#x627;&#x628;&#x62F;&#x627;&#x644; &#x628;&#x64A;&#x644;&#x627;.</subfield>
  </datafield>
  <datafield tag="880" ind1=" " ind2="1">
    <subfield code="6">264-03/(3/r&#x200F;</subfield>
    <subfield code="a">&#x200F;&#x644;&#x627;&#x647;&#x648;&#x631; :&#x200F;</subfield>
    <subfield code="b">&#x200F;&#x633;&#x646;&#x6AF; &#x645;&#x64A;&#x644; &#x67E;&#x628;&#x644;&#x64A;&#x6A9;&#x64A;&#x634;&#x646;&#x632;&#x60C;&#x200F;</subfield>
    <subfield code="c">&#x200F;&#x202A;1994&#x202C;.</subfield>
  </datafield>
  <datafield tag="906" ind1=" " ind2=" ">
    <subfield code="a">7</subfield>
    <subfield code="b">cbc</subfield>
    <subfield code="c">origode</subfield>
    <subfield code="d">4</subfield>
    <subfield code="e">ncip</subfield>
    <subfield code="f">20</subfield>
    <subfield code="g">y-nonroman</subfield>
  </datafield>
  <datafield tag="942" ind1=" " ind2=" ">
    <subfield code="2">ddc</subfield>
    <subfield code="c">BK</subfield>
  </datafield>
  <datafield tag="952" ind1=" " ind2=" ">
    <subfield code="0">0</subfield>
    <subfield code="1">0</subfield>
    <subfield code="2">ddc</subfield>
    <subfield code="4">0</subfield>
    <subfield code="7">0</subfield>
    <subfield code="8">FIC</subfield>
    <subfield code="a">CL</subfield>
    <subfield code="b">CL</subfield>
    <subfield code="c">FIC</subfield>
    <subfield code="d">2017-07-26</subfield>
    <subfield code="l">3</subfield>
    <subfield code="o">891.4393 BEL</subfield>
    <subfield code="p">CL2521</subfield>
    <subfield code="r">2025-09-02</subfield>
    <subfield code="s">2025-05-16</subfield>
    <subfield code="t">1</subfield>
    <subfield code="w">2017-07-26</subfield>
    <subfield code="y">BK</subfield>
  </datafield>
</record>
